000 00330nam a22001217a 4500
008 180504b xxu||||| |||| 00| 0 eng d
041 _aeng
080 _a043.3
100 _a0
101 _aMBE-BTH
245 _aBurimet e financimit dhe ndikimi i teknologjisë në ndërmarrjet e vogla dhe të mesme
_cSadiku,R
942 _2udc
_cBK
999 _c45673
_d45673